[Event "Donostia Hiria Nazioarteko XXX"]
[Site "Donostia-San Sebastián"]
[Date "2009.04.09"]
[Round "5"]
[White "Rubio Mejia, Luis Ignacio"]
[Black "Thomassen, Thomas"]
[Result "1-0"]
[WhiteElo "2363"]
[BlackElo "2030"]
[PlyCount "93"]
[EventDate "2009.04.05"]
[EventRounds "9"]
[EventCountry "ESP"]

1. d4 d5 2. c4 c6 3. Nf3 Nf6 4. Nbd2 e6 5. g3 Nbd7 6. Bg2 Be7 7. O-O b6 8. Qc2
Bb7 9. e4 dxe4 10. Nxe4 O-O 11. Nxf6+ Nxf6 12. Rd1 Qc8 13. c5 Rd8 14. Be3 Nd5
15. Bg5 f6 16. Bd2 bxc5 17. Ba5 Re8 18. dxc5 e5 19. Nh4 g6 20. Nxg6 Bxc5 21.
Nh4 Bf8 22. Be4 Qd7 23. Rac1 Bh6 24. Bd2 Bf8 25. Nf5 Rad8 26. Ba5 Rb8 27. Qe2
Kh8 28. Qh5 Rbc8 29. Nh4 Qg7 30. a3 Nf4 31. Qf5 Ne2+ 32. Kg2 Nxc1 33. Rd7 Re7
34. Rxb7 Rxb7 35. Qxc8 Ne2 36. Nf5 Nf4+ 37. Kh1 Rd7 38. h4 Qf7 39. gxf4 Rd1+
40. Kh2 Qg8 41. Bg2 exf4 42. Bc3 h5 43. Bxf6+ Kh7 44. Qb7+ Kg6 45. Ne7+ Bxe7
46. Qxe7 f3 47. Bxf3 1-0

[Event "Donostia Hiria Nazioarteko XXX"]
[Site "Donostia-San Sebastián"]
[Date "2009.04.09"]
[Round "6"]
[White "Lafuente, Pablo"]
[Black "Huerga Leache, Mikel"]
[Result "1-0"]
[WhiteElo "2517"]
[BlackElo "2451"]
[PlyCount "119"]
[EventDate "2009.04.05"]
[EventRounds "9"]
[EventCountry "ESP"]

1. d4 d5 2. c4 c6 3. Nf3 Nf6 4. Nc3 a6 5. a4 e6 6. Bg5 a5 7. e3 Be7 8. Be2 O-O
9. O-O b6 10. Rc1 Bb7 11. Qb3 Na6 12. Rfd1 Nb4 13. Na2 Ne4 14. Nxb4 Nxg5 15.
Nd3 Ba6 16. Nde5 Rc8 17. Nxg5 Bxg5 18. Bf1 Bb7 19. c5 Be7 20. Qxb6 Qc7 21. Qxc7
Rxc7 22. b4 axb4 23. Rb1 f6 24. Nd3 Ra8 25. Rxb4 Bc8 26. Rdb1 Bd8 27. Rb6 Re7
28. Rb8 Rea7 29. Rxa8 Rxa8 30. Nb4 Rb8 31. Bd3 Bd7 32. Na2 Ra8 33. Bc2 Ba5 34.
Nc1 Bc8 35. Nd3 Kf7 36. f4 h6 37. Kf2 Ke7 38. h4 Bc7 39. Kf3 Kd7 40. e4 dxe4+
41. Kxe4 Ba6 42. Nb4 Bc4 43. Ke3 f5 44. Nd3 Bxd3 45. Kxd3 Bxf4 46. Bd1 g6 47.
Kc4 Bg3 48. Rb4 Ra7 49. Bf3 Bxh4 50. Kb3 Bd8 51. Rb8 g5 52. Bxc6+ Kc7 53. Rb6
Bf6 54. Kc4 g4 55. Bb5 f4 56. Rxe6 Bg5 57. d5 Kc8 58. d6 f3 59. Re8+ Bd8 60.
gxf3 1-0

[Event "Donostia Hiria Nazioarteko XXX"]
[Site "Donostia-San Sebastián"]
[Date "2009.04.09"]
[Round "6"]
[White "Bhat, Vinay S"]
[Black "San Segundo Carrillo, Pablo"]
[Result "1/2-1/2"]
[WhiteElo "2475"]
[BlackElo "2560"]
[PlyCount "26"]
[EventDate "2009.04.05"]
[EventRounds "9"]
[EventCountry "ESP"]

1. d4 d5 2. c4 c6 3. Nc3 dxc4 4. e4 b5 5. a4 b4 6. Na2 Nf6 7. e5 Nd5 8. Bxc4 e6
9. Nf3 Ba6 10. Bg5 Qb6 11. Rc1 h6 12. Bh4 Nd7 13. Bb3 Bb7 1/2-1/2

[Event "Donostia Hiria Nazioarteko XXX"]
[Site "Donostia-San Sebastián"]
[Date "2009.04.09"]
[Round "6"]
[White "Salgado Lopez, Ivan"]
[Black "Pena Gomez, Manuel"]
[Result "1-0"]
[WhiteElo "2559"]
[BlackElo "2456"]
[PlyCount "191"]
[EventDate "2009.04.05"]
[EventRounds "9"]
[EventCountry "ESP"]

1. e4 c5 2. Nf3 d6 3. d4 cxd4 4. Nxd4 Nf6 5. Nc3 a6 6. Be3 e5 7. Nf3 Qc7 8. a4
Be6 9. a5 Be7 10. Be2 O-O 11. O-O Rc8 12. h3 Nbd7 13. Ng5 Qc6 14. Nxe6 fxe6 15.
Bf3 Nc5 16. Re1 Re8 17. Bd2 Ncd7 18. Qb1 Rac8 19. Ra4 Nb8 20. Be3 Bf8 21. Rd1
Nfd7 22. Qa2 Nf6 23. Be2 Qd7 24. Qb3 Nc6 25. Raa1 Qc7 26. Bb6 Qf7 27. Be3 Qc7
28. Qa4 Qf7 29. Bf3 Nd7 30. Ne2 Nf6 31. c4 Nh5 32. Bxh5 Qxh5 33. Rd2 Qf7 34.
Rad1 Nb8 35. b3 Nd7 36. Qa2 Nf6 37. Qb1 Qg6 38. f3 d5 39. exd5 Qxb1 40. Rxb1
exd5 41. cxd5 Bb4 42. Rdd1 Rcd8 43. d6 Rxd6 44. Rxd6 Bxd6 45. Rd1 Bb4 46. Bb6
Kf7 47. Ng3 Ke6 48. Rc1 Nd5 49. Ne4 Nxb6 50. axb6 Ba5 51. Nc5+ Kd5 52. Na4 Bb4
53. Kf2 Re6 54. Rc7 Re7 55. Ke3 Bd6 56. Rc4 Ke6 57. Nc3 Rd7 58. Ne4 h6 59. h4
Kd5 60. h5 Ke6 61. Rc8 Kd5 62. g4 Be7 63. Rc7 Ke6 64. Rc8 Kd5 65. Rc7 Ke6 66.
Rc3 Kd5 67. Rc8 Bd8 68. Ng3 Bxb6+ 69. Ke2 Bd4 70. Kd3 Ke6 71. Ke4 a5 72. Ra8
Bc3 73. Nf5 Kf6 74. Rf8+ Ke6 75. Rc8 Bd4 76. f4 Ba1 77. fxe5 Rd1 78. Re8+ Kd7
79. Re7+ Kd8 80. e6 Re1+ 81. Kd5 Re5+ 82. Kd6 Rb5 83. Rd7+ Ke8 84. Re7+ Kd8 85.
Rd7+ Ke8 86. Nxg7+ Bxg7 87. Rxg7 Rb6+ 88. Ke5 Rxb3 89. g5 Rh3 90. Kf6 Rf3+ 91.
Kg6 Re3 92. Kxh6 Rxe6+ 93. g6 Rb6 94. Kh7 a4 95. Rg8+ Ke7 96. Ra8 1-0

[Event "Donostia Hiria Nazioarteko XXX"]
[Site "Donostia-San Sebastián"]
[Date "2009.04.09"]
[Round "6"]
[White "Maiorov, Nikita"]
[Black "Arribas Lopez, Angel"]
[Result "1/2-1/2"]
[WhiteElo "2525"]
[BlackElo "2379"]
[PlyCount "124"]
[EventDate "2009.04.05"]
[EventRounds "9"]
[EventCountry "ESP"]

1. d4 Nf6 2. c4 e6 3. Nc3 Bb4 4. Qc2 d5 5. a3 Bxc3+ 6. Qxc3 dxc4 7. Qxc4 b6 8.
Nf3 O-O 9. Bg5 Ba6 10. Qc2 Nbd7 11. O-O-O h6 12. Bh4 Qc8 13. e4 Bxf1 14. Rhxf1
Qb7 15. Rfe1 Rac8 16. Kb1 Rfe8 17. Qe2 c5 18. dxc5 Rxc5 19. Nd4 b5 20. Nb3 Rcc8
21. f3 b4 22. a4 Qc6 23. Nd4 Qxa4 24. Qb5 Qxb5 25. Nxb5 Rc5 26. Nd6 Rb8 27. Bf2
Rc6 28. Bxa7 Ra8 29. Nb5 Ra6 30. Bf2 Ne5 31. Nd4 Ra1+ 32. Kc2 Rc8+ 33. Kb3 Raa8
34. Ra1 Nd3 35. Rxa8 Rxa8 36. Rf1 Rc8 37. Be3 Nd7 38. Rd1 N7c5+ 39. Ka2 Ne5 40.
Rf1 Ned3 41. Rd1 Ne5 42. Nb5 b3+ 43. Kb1 Nc4 44. Bxc5 Rxc5 45. Nd4 Rg5 46. g4
h5 47. h3 hxg4 48. hxg4 Ra5 49. Nxb3 Rb5 50. Rd3 f5 51. exf5 exf5 52. Rc3 Rb4
53. gxf5 Kf7 54. Kc2 Kf6 55. Rd3 Ne5 56. Rd4 Rc4+ 57. Rxc4 Nxc4 58. Nd2 Nxb2
59. Kxb2 Kxf5 60. Kc3 g5 61. Nf1 Kf4 62. Nh2 Kg3 1/2-1/2

[Event "Donostia Hiria Nazioarteko XXX"]
[Site "Donostia-San Sebastián"]
[Date "2009.04.09"]
[Round "6"]
[White "Martin Alvarez, Inigo"]
[Black "Sebenik, Matej"]
[Result "0-1"]
[WhiteElo "2236"]
[BlackElo "2482"]
[PlyCount "61"]
[EventDate "2009.04.05"]
[EventRounds "9"]
[EventCountry "ESP"]

1. e4 c5 2. Nf3 Nc6 3. d4 cxd4 4. Nxd4 Nf6 5. Nc3 e5 6. Ndb5 d6 7. Bg5 a6 8.
Na3 b5 9. Bxf6 gxf6 10. Nd5 Bg7 11. Bd3 Ne7 12. O-O Nxd5 13. exd5 f5 14. c3 Rg8
15. Nc2 Kf8 16. f4 exf4 17. Nb4 Be5 18. Nc6 Qb6+ 19. Kh1 Rg5 20. Qe1 f6 21. Qh4
Kg7 22. Rae1 Qc5 23. Rxf4 Qxd5 24. Be4 fxe4 25. Nxe5 dxe5 26. Rxf6 Kxf6 27.
Qh6+ Rg6 28. Rf1+ Bf5 29. Qh5 e3 30. Rxf5+ Kg7 31. Rxe5 0-1

[Event "Donostia Hiria Nazioarteko XXX"]
[Site "Donostia-San Sebastián"]
[Date "2009.04.09"]
[Round "6"]
[White "Narciso Dublan, Marc"]
[Black "Dobrev, Nanko"]
[Result "1-0"]
[WhiteElo "2534"]
[BlackElo "2366"]
[PlyCount "107"]
[EventDate "2009.04.05"]
[EventRounds "9"]
[EventCountry "ESP"]

1. d4 d5 2. Nf3 Nf6 3. e3 Bg4 4. c4 e6 5. Qb3 Qc8 6. Ne5 Bf5 7. Nc3 c6 8. Bd2
Nbd7 9. Nf3 Bd6 10. Nh4 Bg4 11. h3 Bh5 12. g4 Bg6 13. Nxg6 hxg6 14. Bg2 dxc4
15. Qxc4 e5 16. g5 Nb6 17. Qb3 Nfd7 18. Ne4 Qc7 19. Bb4 Bf8 20. O-O-O O-O-O 21.
Ba5 exd4 22. Rxd4 c5 23. Rd2 c4 24. Qc3 Qe5 25. Bxb6 Qxc3+ 26. Nxc3 axb6 27.
Rhd1 Bc5 28. Bxb7+ Kc7 29. Ba6 b5 30. Nxb5+ Kb6 31. Rxd7 Rxd7 32. Rxd7 Kxa6 33.
Nc7+ Kb6 34. Rxf7 Rxh3 35. Ne6 Bb4 36. Nf4 Rh1+ 37. Kc2 Be1 38. Nxg6 Kc5 39.
Ne5 Kd5 40. Ng4 Rg1 41. Rf5+ Kd6 42. Rf4 Kd5 43. a4 Rg2 44. Kd1 Rg1 45. Ke2 Bb4
46. Rd4+ Kc5 47. Ne5 Rc1 48. Nd7+ Kc6 49. Ne5+ Kc5 50. Kf3 Rc2 51. Nd7+ Kc6 52.
Ne5+ Kc5 53. Ke4 Be1 54. f4 1-0

[Event "Donostia Hiria Nazioarteko XXX"]
[Site "Donostia-San Sebastián"]
[Date "2009.04.09"]
[Round "6"]
[White "Nava Pereda, Carlos"]
[Black "Herraiz Hidalgo, Herminio"]
[Result "1/2-1/2"]
[WhiteElo "2296"]
[BlackElo "2520"]
[PlyCount "29"]
[EventDate "2009.04.05"]
[EventRounds "9"]
[EventCountry "ESP"]

1. c4 f5 2. g3 Nf6 3. Bg2 g6 4. Nc3 Bg7 5. e3 d6 6. Nge2 O-O 7. O-O e5 8. d3 c6
9. Rb1 Be6 10. b3 Re8 11. d4 Bf7 12. dxe5 dxe5 13. Qxd8 Rxd8 14. e4 Nbd7 15.
Ba3 1/2-1/2

[Event "Donostia Hiria Nazioarteko XXX"]
[Site "Donostia-San Sebastián"]
[Date "2009.04.09"]
[Round "6"]
[White "Tratar, Marko"]
[Black "Rubio Mejia, Luis Ignacio"]
[Result "1/2-1/2"]
[WhiteElo "2488"]
[BlackElo "2363"]
[PlyCount "109"]
[EventDate "2009.04.05"]
[EventRounds "9"]
[EventCountry "ESP"]

1. d4 d5 2. Nf3 Nf6 3. c4 c6 4. e3 Bg4 5. Qb3 Qb6 6. Nc3 e6 7. Nh4 Bh5 8. h3
Bg6 9. Nxg6 hxg6 10. Bd2 Nbd7 11. Qc2 Bb4 12. Bd3 Qc7 13. a3 Bxc3 14. Bxc3 e5
15. b3 O-O 16. Be2 Rfe8 17. dxe5 Nxe5 18. cxd5 Nxd5 19. Bd4 Rad8 20. O-O a6 21.
Rfe1 Qe7 22. b4 g5 23. g3 Qe6 24. Kg2 Nf6 25. Rad1 Qd5+ 26. f3 Qe6 27. e4 Qe7
28. Bb6 Rxd1 29. Rxd1 Nfd7 30. Be3 Nf8 31. Qc5 Qf6 32. Qb6 Qe6 33. Qxb7 Qb3 34.
Bxg5 Qxa3 35. Kf2 Qb2 36. Rd2 Qc3 37. Be3 f5 38. Qxa6 fxe4 39. f4 Nd3+ 40. Bxd3
exd3 41. Qxd3 Qxb4 42. Rc2 Kh8 43. Rxc6 Qb7 44. Qc2 Qd7 45. g4 Qe7 46. Qc3 Ra8
47. Rc8 Ra2+ 48. Kg3 Ra3 49. Rxf8+ Qxf8 50. Qe5 Qd8 51. f5 Qd2 52. Qe8+ Kh7 53.
Qg6+ Kh8 54. Qe8+ Kh7 55. Qg6+ 1/2-1/2

[Event "Donostia Hiria Nazioarteko XXX"]
[Site "Donostia-San Sebastián"]
[Date "2009.04.09"]
[Round "6"]
[White "Fidalgo Fernandez, Javier"]
[Black "Ivanov, Jordan"]
[Result "0-1"]
[WhiteElo "2285"]
[BlackElo "2435"]
[PlyCount "100"]
[EventDate "2009.04.05"]
[EventRounds "9"]
[EventCountry "ESP"]

1. d4 Nf6 2. Bg5 e6 3. e3 c5 4. c3 cxd4 5. exd4 d6 6. Nf3 Nbd7 7. Nbd2 h6 8.
Bxf6 Nxf6 9. Bd3 Be7 10. O-O O-O 11. Re1 Bd7 12. Ne4 Nd5 13. Ng3 Nf4 14. Be4 f5
15. Bc2 g5 16. Bb3 g4 17. Qd2 Bg5 18. Nxg5 Qxg5 19. Rad1 Rae8 20. Ne2 Ng6 21.
Qxg5 hxg5 22. Rd3 Kg7 23. h3 gxh3 24. Rxh3 f4 25. f3 Nh4 26. Rh1 e5 27. Kf2 e4
28. fxe4 Rxe4 29. Bd5 Re7 30. Nc1 Rxe1 31. Rxe1 Kf6 32. g3 fxg3+ 33. Kxg3 Nf5+
34. Kg2 Bc6 35. Bxc6 bxc6 36. Kg1 g4 37. Nd3 Kg5 38. Re6 Rf7 39. a4 Re7 40.
Rxe7 Nxe7 41. b4 Kf5 42. b5 cxb5 43. axb5 Ke4 44. Nb4 Nd5 45. Nc6 Nxc3 46. Nxa7
Kf3 47. b6 g3 48. b7 Ne2+ 49. Kf1 g2+ 50. Ke1 Ke3 0-1

[Event "Donostia Hiria Nazioarteko XXX"]
[Site "Donostia-San Sebastián"]
[Date "2009.04.09"]
[Round "6"]
[White "Vaibhav, Suri"]
[Black "Spassov, Liuben"]
[Result "1-0"]
[WhiteElo "2222"]
[BlackElo "2433"]
[PlyCount "47"]
[EventDate "2009.04.05"]
[EventRounds "9"]
[EventCountry "ESP"]

1. e4 c6 2. d4 d5 3. exd5 cxd5 4. c4 Nf6 5. Nc3 e6 6. Nf3 Bb4 7. cxd5 Nxd5 8.
Qc2 Qc7 9. Bd2 Nd7 10. Bd3 Bxc3 11. bxc3 N5f6 12. O-O O-O 13. Rfe1 h6 14. Ne5
Nxe5 15. Rxe5 b6 16. Rae1 Bb7 17. Qd1 Qc6 18. Bf1 Rfd8 19. R5e3 Rac8 20. Rg3
Kh8 21. Bd3 b5 22. Qe2 a6 23. Bxh6 Ne8 24. Bxg7+ 1-0

[Event "Donostia Hiria Nazioarteko XXX"]
[Site "Donostia-San Sebastián"]
[Date "2009.04.09"]
[Round "6"]
[White "Uriarte Prieto, Goyo"]
[Black "Suarez Pousa, Diego"]
[Result "0-1"]
[WhiteElo "2148"]
[BlackElo "2431"]
[PlyCount "36"]
[EventDate "2009.04.05"]
[EventRounds "9"]
[EventCountry "ESP"]

1. e4 e5 2. Nf3 Nc6 3. d4 exd4 4. Nxd4 Bb4+ 5. Bd2 Qe7 6. Nxc6 Qxe4+ 7. Be2
dxc6 8. O-O Bxd2 9. Nxd2 Qd4 10. c3 Qd8 11. Re1 Ne7 12. Bc4 O-O 13. Qh5 Qxd2
14. Rxe7 Be6 15. Rd1 Qf4 16. Rd4 Qf6 17. Rxc7 Bxc4 18. Rxc4 Qe6 0-1

[Event "Donostia Hiria Nazioarteko XXX"]
[Site "Donostia-San Sebastián"]
[Date "2009.04.09"]
[Round "6"]
[White "Camacho Collados, Jose"]
[Black "Segovia Sanchez, Antonio"]
[Result "1-0"]
[WhiteElo "2379"]
[BlackElo "2018"]
[PlyCount "61"]
[EventDate "2009.04.05"]
[EventRounds "9"]
[EventCountry "ESP"]

1. Nf3 d6 2. d4 Nf6 3. g3 g6 4. Bg2 Bg7 5. O-O O-O 6. c4 c6 7. Nc3 Bg4 8. h3
Bxf3 9. Bxf3 Nbd7 10. Bg2 Qc7 11. b4 a5 12. Rb1 Nb6 13. Qd3 d5 14. Bf4 Qd7 15.
c5 Nc4 16. Na4 Nh5 17. Bd2 axb4 18. Rxb4 Rxa4 19. Rxa4 Nb2 20. Qb3 Nxa4 21.
Qxa4 e5 22. dxe5 Bxe5 23. Rb1 f5 24. Bg5 Kg7 25. Qb3 Rf7 26. Qe3 Bf6 27. Bh6+
Kg8 28. Rxb7 Qc8 29. Rb6 Re7 30. Qb3 Be5 31. Rxc6 1-0

[Event "Donostia Hiria Nazioarteko XXX"]
[Site "Donostia-San Sebastián"]
[Date "2009.04.09"]
[Round "6"]
[White "Tholey, Jean-Paul"]
[Black "Alvarez Fernandez, Enrique"]
[Result "0-1"]
[WhiteElo "2004"]
[BlackElo "2376"]
[PlyCount "70"]
[EventDate "2009.04.05"]
[EventRounds "9"]
[EventCountry "ESP"]

1. d4 d5 2. c4 dxc4 3. Nf3 Nf6 4. e3 a6 5. Bxc4 e6 6. Nc3 b5 7. Bd3 Bb7 8. Bd2
c5 9. Be2 cxd4 10. exd4 Nc6 11. Bg5 Be7 12. O-O O-O 13. Qd2 b4 14. Na4 Ne4 15.
Bxe7 Qxe7 16. Qe3 Nf6 17. Nc5 Rfd8 18. Rfd1 Nd5 19. Qc1 Rac8 20. Qd2 Nxd4 21.
Nxb7 Nxe2+ 22. Qxe2 Qxb7 23. Qe4 Qe7 24. Ne5 Qf6 25. Rac1 Rxc1 26. Rxc1 Qf4 27.
Qxf4 Nxf4 28. Kf1 f6 29. Nc4 Rc8 30. b3 Kf8 31. Rc2 Nd5 32. Ke1 Ke7 33. Rd2 Rc5
34. a3 bxa3 35. Ra2 Nb4 0-1

[Event "Donostia Hiria Nazioarteko XXX"]
[Site "Donostia-San Sebastián"]
[Date "2009.04.09"]
[Round "6"]
[White "Andres Gonzalez, Ivan"]
[Black "Garro Beraza, Haritz"]
[Result "1-0"]
[WhiteElo "2364"]
[BlackElo "2028"]
[PlyCount "61"]
[EventDate "2009.04.05"]
[EventRounds "9"]
[EventCountry "ESP"]

1. e4 c5 2. Nc3 Nc6 3. Nf3 d6 4. d4 cxd4 5. Nxd4 Nf6 6. Be2 e6 7. O-O a6 8. Be3
Be7 9. f4 Qc7 10. Qe1 O-O 11. Qg3 Re8 12. Kh1 Nd7 13. f5 Bf6 14. Rad1 Nxd4 15.
Bxd4 Be5 16. Bxe5 dxe5 17. f6 g6 18. Qg5 Qc5 19. Rd3 Qf8 20. Rh3 Kh8 21. Rff3
Qg8 22. Nd1 b5 23. Nf2 Bb7 24. Rxh7+ Qxh7 25. Rh3 Nf8 26. Rxh7+ Nxh7 27. Qh6
Rg8 28. Nh3 g5 29. Bh5 Raf8 30. Nf2 Ba8 31. Kg1 1-0

[Event "Donostia Hiria Nazioarteko XXX"]
[Site "Donostia-San Sebastián"]
[Date "2009.04.09"]
[Round "6"]
[White "Rodriguez Cabrera, Fco  Javier"]
[Black "Rudolf, Anna"]
[Result "0-1"]
[WhiteElo "1894"]
[BlackElo "2330"]
[PlyCount "62"]
[EventDate "2009.04.05"]
[EventRounds "9"]
[EventCountry "ESP"]

1. e4 e6 2. d4 d5 3. Nc3 Nf6 4. e5 Nfd7 5. f4 c5 6. Nf3 Nc6 7. Be3 b6 8. Qd2
Be7 9. Bb5 Bb7 10. Bxc6 Bxc6 11. O-O O-O 12. a3 Bb7 13. a4 a6 14. Qf2 Qc7 15.
Ne2 cxd4 16. Nfxd4 Nc5 17. Ng3 Ne4 18. Nxe4 dxe4 19. Qg3 Bc5 20. c3 Rfe8 21. b4
Bf8 22. f5 exf5 23. Nxf5 Bd5 24. Bf4 Re6 25. Rad1 Rg6 26. Qe3 Qc6 27. Nd6 b5
28. Qc5 Qxc5+ 29. bxc5 Bc6 30. Be3 bxa4 31. Rxf7 Bxd6 0-1

[Event "Donostia Hiria Nazioarteko XXX"]
[Site "Donostia-San Sebastián"]
[Date "2009.04.10"]
[Round "7"]
[White "Kogan, Artur"]
[Black "Lafuente, Pablo"]
[Result "1-0"]
[WhiteElo "2541"]
[BlackElo "2517"]
[PlyCount "75"]
[EventDate "2009.04.05"]
[EventRounds "9"]
[EventCountry "ESP"]

1. e4 e5 2. Nc3 Nf6 3. Nf3 Nc6 4. Bb5 Bb4 5. O-O O-O 6. d3 Bxc3 7. bxc3 Qe7 8.
Bg5 h6 9. Bh4 d6 10. Re1 Nd8 11. d4 Bg4 12. h3 Bxf3 13. Qxf3 Ne6 14. Rad1 g5
15. Bg3 Ng7 16. h4 a6 17. Bc4 b5 18. hxg5 hxg5 19. Bf1 Kh7 20. c4 b4 21. c5 Kg6
22. cxd6 cxd6 23. Qb3 Ngh5 24. Qxb4 Nxg3 25. fxg3 Rfd8 26. Bc4 a5 27. Qa3 Rac8
28. Qd3 Qa7 29. Rf1 Qxd4+ 30. Qxd4 exd4 31. Rxd4 Rc5 32. Bb3 Re5 33. Rd3 Nxe4
34. Bxf7+ Kg7 35. Bb3 Rf8 36. Re1 Rfe8 37. Red1 Rf8 38. Rf3 {Ilegible} 1-0

[Event "Donostia Hiria Nazioarteko XXX"]
[Site "Donostia-San Sebastián"]
[Date "2009.04.10"]
[Round "7"]
[White "Sebenik, Matej"]
[Black "Salgado Lopez, Ivan"]
[Result "1-0"]
[WhiteElo "2482"]
[BlackElo "2559"]
[PlyCount "55"]
[EventDate "2009.04.05"]
[EventRounds "9"]
[EventCountry "ESP"]

1. Nf3 d5 2. d4 Nf6 3. c4 c6 4. Nc3 e6 5. g3 Nbd7 6. Bg2 dxc4 7. O-O Be7 8. a4
O-O 9. a5 Nd5 10. e4 Nb4 11. b3 cxb3 12. Qxb3 c5 13. Rd1 cxd4 14. Nxd4 Nc6 15.
Nxc6 bxc6 16. Qc4 Qc7 17. Bf4 Ne5 18. Nb5 Qb8 19. Bxe5 Qxe5 20. Qxc6 Rb8 21.
Nd6 Bf6 22. Rab1 Qh5 23. Rdc1 Bb2 24. Nxc8 Bxc1 25. Rxb8 Ba3 26. Qc3 Bc5 27.
Bf3 Qg5 28. e5 1-0

[Event "Donostia Hiria Nazioarteko XXX"]
[Site "Donostia-San Sebastián"]
[Date "2009.04.10"]
[Round "7"]
[White "Ivanov, Jordan"]
[Black "Narciso Dublan, Marc"]
[Result "1/2-1/2"]
[WhiteElo "2435"]
[BlackElo "2534"]
[PlyCount "56"]
[EventDate "2009.04.05"]
[EventRounds "9"]
[EventCountry "ESP"]

1. d4 d5 2. c4 e6 3. Nc3 Nf6 4. cxd5 exd5 5. Bg5 c6 6. e3 Be7 7. Bd3 Ne4 8.
Bxe7 Qxe7 9. Qc2 Nxc3 10. bxc3 Nd7 11. Nf3 Nf6 12. O-O O-O 13. c4 dxc4 14. Bxc4
Bg4 15. Nd2 Rad8 16. Rab1 Bc8 17. a4 Rd7 18. a5 Qd6 19. Nf3 Rc7 20. Rfc1 Bg4
21. Be2 Rd8 22. h3 Bh5 23. Qc5 Qxc5 24. Rxc5 Bg6 25. Rbc1 Ne4 26. R5c4 Nd6 27.
Rc5 Ne4 28. R5c4 Nd6 1/2-1/2

[Event "Donostia Hiria Nazioarteko XXX"]
[Site "Donostia-San Sebastián"]
[Date "2009.04.10"]
[Round "7"]
[White "Santos Latasa, Jaime"]
[Black "Maiorov, Nikita"]
[Result "1/2-1/2"]
[WhiteElo "2155"]
[BlackElo "2525"]
[PlyCount "117"]
[EventDate "2009.04.05"]
[EventRounds "9"]
[EventCountry "ESP"]

1. d4 Nf6 2. c4 e6 3. Nc3 Bb4 4. f3 d5 5. a3 Bxc3+ 6. bxc3 c5 7. cxd5 exd5 8.
e3 O-O 9. Bd3 b6 10. Ne2 Re8 11. O-O Ba6 12. Ng3 Bxd3 13. Qxd3 Nc6 14. Bb2 c4
15. Qd2 h5 16. Rae1 h4 17. Nf5 Ne7 18. Nxe7+ Rxe7 19. Qf2 h3 20. e4 Qd7 21. e5
hxg2 22. Qxg2 Nh7 23. f4 f5 24. a4 Re6 25. Ba3 Rae8 26. Qc2 Rh6 27. Kh1 Ree6
28. Rg1 Rh4 29. Qg2 Rxf4 30. Bd6 Re4 31. Ref1 f4 32. Qg4 Qf7 33. Qh4 g5 34. Qg4
Rh6 35. Qc8+ Kg7 36. Rf2 Rg6 37. Qg4 Kh8 38. h4 f3 39. Rxf3 Qe8 40. Qf5 Rxh4+
41. Kg2 g4 42. Rf4 Rg5 43. Qf7 Qxf7 44. Rxf7 Rh6 45. Rxa7 g3 46. e6 Rxe6 47.
Be5+ Kg8 48. Ra8+ Kf7 49. Rf1+ Nf6 50. a5 bxa5 51. Rxa5 Kg6 52. Rf3 Ng4 53.
Rxg3 Nxe5 54. Rxg5+ Kxg5 55. Rxd5 Kf4 56. Rxe5 Rxe5 57. dxe5 Kxe5 58. Kf3 Kf5
59. Ke3 1/2-1/2

[Event "Donostia Hiria Nazioarteko XXX"]
[Site "Donostia-San Sebastián"]
[Date "2009.04.10"]
[Round "7"]
[White "Alsina Leal, Daniel"]
[Black "Berbatov, Kiprian"]
[Result "1-0"]
[WhiteElo "2503"]
[BlackElo "2393"]
[PlyCount "51"]
[EventDate "2009.04.05"]
[EventRounds "9"]
[EventCountry "ESP"]

1. e4 c5 2. Nf3 d6 3. d4 cxd4 4. Nxd4 Nf6 5. Nc3 a6 6. Be3 e6 7. Be2 Qc7 8. a4
b6 9. f4 Bb7 10. Bf3 Be7 11. O-O O-O 12. Qe2 Nc6 13. f5 Nxd4 14. Bxd4 Rfe8 15.
fxe6 fxe6 16. e5 Bxf3 17. Rxf3 Ng4 18. Rh3 Nxe5 19. Qh5 h6 20. Rg3 Kh8 21. Be3
Bf8 22. Rf1 g6 23. Qh3 h5 24. Ne4 d5 25. Nf6 Re7 26. Qxh5+ 1-0

[Event "Donostia Hiria Nazioarteko XXX"]
[Site "Donostia-San Sebastián"]
[Date "2009.04.10"]
[Round "7"]
[White "Arribas Lopez, Angel"]
[Black "Bhat, Vinay S"]
[Result "0-1"]
[WhiteElo "2379"]
[BlackElo "2475"]
[PlyCount "46"]
[EventDate "2009.04.05"]
[EventRounds "9"]
[EventCountry "ESP"]

1. e4 e6 2. d4 d5 3. Nc3 Bb4 4. exd5 exd5 5. Bd3 c6 6. a3 Bd6 7. Nge2 Ne7 8.
Ng3 O-O 9. Qh5 f5 10. Nce2 Nd7 11. Bf4 Nf6 12. Qf3 Ng6 13. Bg5 Qa5+ 14. c3 Ne4
15. h4 Bd7 16. Bc1 Rae8 17. h5 Nh8 18. O-O Qd8 19. Bf4 Ng5 20. Bxg5 Qxg5 21.
Bc2 f4 22. Qd3 g6 23. Nh1 Rxe2 0-1

[Event "Donostia Hiria Nazioarteko XXX"]
[Site "Donostia-San Sebastián"]
[Date "2009.04.10"]
[Round "7"]
[White "Huerga Leache, Mikel"]
[Black "Vaibhav, Suri"]
[Result "1-0"]
[WhiteElo "2451"]
[BlackElo "2222"]
[PlyCount "55"]
[EventDate "2009.04.05"]
[EventRounds "9"]
[EventCountry "ESP"]

1. e4 c5 2. Nf3 e6 3. c4 Nc6 4. Nc3 e5 5. d3 d6 6. Be2 Be7 7. O-O f5 8. Ne1 Nf6
9. exf5 Bxf5 10. Bg5 O-O 11. Nc2 Ne8 12. Bxe7 Nxe7 13. Bg4 Qd7 14. Bxf5 Nxf5
15. f4 exf4 16. Rxf4 Nc7 17. Qg4 Rae8 18. Ne4 Qe6 19. Raf1 g6 20. Qf3 d5 21.
Ng3 dxc4 22. dxc4 b6 23. Nxf5 gxf5 24. Rxf5 Rxf5 25. Qg4+ Kh8 26. Qxf5 Qxc4 27.
Qf6+ Kg8 28. Rf3 1-0

[Event "Donostia Hiria Nazioarteko XXX"]
[Site "Donostia-San Sebastián"]
[Date "2009.04.10"]
[Round "7"]
[White "Herraiz Hidalgo, Herminio"]
[Black "Djingarova, Emilia"]
[Result "1-0"]
[WhiteElo "2520"]
[BlackElo "2334"]
[PlyCount "39"]
[EventDate "2009.04.05"]
[EventRounds "9"]
[EventCountry "ESP"]

1. d4 Nf6 2. c4 e6 3. Nc3 Bb4 4. Qc2 d5 5. cxd5 exd5 6. Bg5 c5 7. dxc5 h6 8.
Bh4 g5 9. Bg3 Ne4 10. e3 Qa5 11. Nge2 Bf5 12. Bxb8 Nxc3 13. Qxf5 Nxa2+ 14. Kd1
Qa4+ 15. Qc2 Nc3+ 16. Nxc3 Qxa1+ 17. Kd2 O-O 18. Be5 Rfe8 19. Bd4 Rac8 20. Qh7+
1-0

[Event "Donostia Hiria Nazioarteko XXX"]
[Site "Donostia-San Sebastián"]
[Date "2009.04.10"]
[Round "7"]
[White "Rudolf, Anna"]
[Black "Tratar, Marko"]
[Result "0-1"]
[WhiteElo "2330"]
[BlackElo "2488"]
[PlyCount "90"]
[EventDate "2009.04.05"]
[EventRounds "9"]
[EventCountry "ESP"]

1. e4 d6 2. d4 g6 3. Nf3 Bg7 4. Be2 Nf6 5. Nc3 O-O 6. O-O e6 7. Re1 a6 8. a4
Nc6 9. Bf1 Re8 10. Be3 b6 11. Qd2 Bb7 12. Rad1 Ne7 13. Bh6 Nd7 14. h4 Nf8 15.
h5 f6 16. Nh2 Kh8 17. Bxg7+ Kxg7 18. Re3 g5 19. Rg3 h6 20. f4 Nh7 21. Nf3 Kh8
22. Bd3 Qd7 23. Rf1 Rg8 24. fxg5 hxg5 25. Nh2 Raf8 26. d5 exd5 27. exd5 f5 28.
Qf2 Rg7 29. Qd4 Kg8 30. Nf3 Bc8 31. Ne2 Rff7 32. b3 Qe8 33. c4 Kf8 34. Qc3 Ng8
35. Nfd4 Nh6 36. Bb1 f4 37. Rd3 Ng4 38. Rd2 Ne3 39. Re1 Re7 40. Bg6 Rxg6 41.
hxg6 Qxg6 42. Nc6 Rg7 43. Ned4 Nf6 44. Rxe3 fxe3 45. Qxe3 Qb1+ 0-1

[Event "Donostia Hiria Nazioarteko XXX"]
[Site "Donostia-San Sebastián"]
[Date "2009.04.10"]
[Round "7"]
[White "Pena Gomez, Manuel"]
[Black "Nava Pereda, Carlos"]
[Result "1/2-1/2"]
[WhiteElo "2456"]
[BlackElo "2296"]
[PlyCount "74"]
[EventDate "2009.04.05"]
[EventRounds "9"]
[EventCountry "ESP"]

1. c4 e5 2. Nc3 Nf6 3. g3 c6 4. Bg2 d5 5. cxd5 cxd5 6. d4 e4 7. Bg5 Bb4 8. Nh3
Nbd7 9. O-O Bxc3 10. bxc3 O-O 11. c4 dxc4 12. Bxe4 h6 13. Bxf6 Nxf6 14. Bg2 Bf5
15. e3 Qd7 16. Nf4 g5 17. Nh5 Nxh5 18. Qxh5 Kg7 19. Qf3 Bd3 20. Rfc1 b5 21. Bf1
Bxf1 22. Kxf1 Rfc8 23. a4 bxa4 24. Qd1 Qd5 25. Kg1 Rab8 26. Qxa4 c3 27. Qxa7
Rb2 28. Qa6 Qf5 29. Rf1 Rcb8 30. Qc6 c2 31. Rac1 Qd3 32. h3 R8b3 33. Qc7 Rc3
34. Qe5+ Kg8 35. Qe8+ Kg7 36. Qe5+ Kg8 37. Qe8+ Kg7 1/2-1/2